| 000 | 00377nam a2200145Ia 4500 | ||
|---|---|---|---|
| 008 | 151213s9999 xx 000 0 und d | ||
| 100 | _aAzizur Rahman Chowdhury | ||
| 245 |
_aJuris Prudence _cAzizur Rahman Chowdhury |
||
| 260 |
_aDhaka _bBangladesh Low Book _c2008 |
||
| 300 | _a2570 p. | ||
| 650 | _aLaw | ||
| 650 | _aLaw | ||
| 700 | _aAzizur Rahman Chowdhury | ||
| 999 |
_c1724 _d1724 |
||